| 000 | 00641nam a2200193 a 4500 | ||
|---|---|---|---|
| 001 | 000026275 | ||
| 005 | 20240307073942.0 | ||
| 008 | 110308d1992 dr 000 0 spa d | ||
| 040 |
_aDO-SdBNP _bspa _cBNPHU |
||
| 082 |
_axxx _bL358s |
||
| 100 | 1 |
_aLatorre, Eduardo, _d1941-2003 _97187 |
|
| 245 | 1 | 0 |
_aSobre desarrollo y democracia / _cEduardo Latorre. |
| 260 |
_aSanto Domingo : _bBúho _bINTEC, _c1992. |
||
| 300 |
_a135 p. ; _c21 cm. |
||
| 500 | _aIncluye notas al pie de páginas | ||
| 500 | _aIncluye datos biográficos del autor en la solapa de la cubierta | ||
| 049 | _aBNPD | ||
| 710 | 2 |
_aInstituto Tecnológico de Santo Domingo _978911 |
|
| 999 |
_c25767 _d25767 |
||